Famous Thirds Quiz Stats

 Plays Quiz Updated Feb 14, 2016

Also try: Gold and Silver
Challenge
Share
Tweet
Embed
Score 0/25 Timer 06:00
4 Plays Today
Category Answer % Correct
Planet from the SunEarth
97.1%
Color in the visible spectrum of rainbowsYellow
83.5%
President of the United StatesThomas Jefferson
74.9%
Gift for 'The Twelve Days of Christmas'Three French Hens
70.4%
Book in the Harry Potter seriesHarry Potter and the Prisoner of Azkaban
65.6%
Greek Letter NameGamma
51.9%
Indiana Jones movieIndiana Jones and the Last Crusade
51%
Letter of the NATO alphabetCharlie
49.6%
Book of the BibleLeviticus
47.8%
Host of The Tonight Show (full-time)Johnny Carson
46.9%
Highest MLB home run hitter (all-time)Babe Ruth
44.6%
Super Bowl winner (Super Bowl III)New York Jets
44.4%
Race of the US Triple CrownBelmont Stakes
40.4%
Category Answer % Correct
Element in the Periodic TableLithium
40.2%
Largest country in AfricaSudan
39.5%
World Cup winnerItaly
31.7%
Smallest country in EuropeSan Marino
29.9%
US State to join the ConfederacyFlorida
28.9%
Wife of Henry VIIIJane Seymour
23.5%
Largest city in FranceLyon
21.9%
Longest river in the worldYangtze
20.3%
City to host the modern OlympicsSt. Louis
12.4%
Movie in the Evil Dead seriesArmy of Darkness
12.4%
Highest grossing movie of all-time (worldwide)Star Wars: The Force Awakens
6%
Book in the Hitchhiker's Guide to the Galaxy series Life, the Universe and Everything
5.2%

You're not logged in!

Compare scores with friends on all Sporcle quizzes.
Join for Free
OR
Log In

You Might Also Like...

Show Comments

Extras

Top Quizzes Today


Score Distribution

Your Account Isn't Verified!

In order to create a playlist on Sporcle, you need to verify the email address you used during registration. Go to your Sporcle Settings to finish the process.

Report this User

Report this user for behavior that violates our Community Guidelines.

Details: